Score 0/15 Timer 05:00
12 Plays Today
Hint Country % Correct
CountryVatican City
92.9%
Country Beginning with a VowelAndorra
89.1%
Country Bordering GermanyLuxembourg
72.2%
Country Bordering RussiaEstonia
71.3%
5-Letter CountryMalta
70.4%
Country Bordering the Atlantic OceanIreland
67.1%
Country Not Containing an 'a' in its NameLiechtenstein
63.4%
Country that is Not LandlockedMonaco
59.1%
Hint Country % Correct
Country Ending in 'land'Switzerland
58.9%
Country Lying on the Prime MeridianUnited Kingdom
54.7%
Country Achieving Statehood After 1990Kosovo
52.8%
Former Soviet RepublicMoldova
52.7%
Country Bordering the Adriatic SeaMontenegro
49.1%
Country Containing a 'p' in its NameCyprus
47.3%
Country that Participated in the 2010 FIFA World CupSlovenia
29.6%
Remove Ads.
Support Sporcle.
Get the best of Sporcle when you Go Orange. This ad-free experience offers more features, more stats, and more fun while also helping to support Sporcle. Thank you for becoming a member.

You're not logged in!

Compare scores with friends on all Sporcle quizzes.
OR
Log In

Show Comments

Extras

Top Quizzes Today


Score Distribution

Your Account Isn't Verified!

In order to create a playlist on Sporcle, you need to verify the email address you used during registration. Go to your Sporcle Settings to finish the process.

Report this User

Report this user for behavior that violates our Community Guidelines.

Details: